000 00853 a2200265 4500
001 200129594
999 _c200129594
_d5886
003 TR-AnTOB
005 20231204120630.0
008 130529s1973 xxu 001 0
020 _a0395154685
040 _aTR-AnTOB
041 _aeng
050 0 _aNA737.O94
_bS63 1973
090 _aNA737.O94 S63 1973
100 1 _aOwings, Nathaniel Alexander,
_d1903-1984
_989990
245 1 4 _aThe spaces in between :
_ban architect's journey /
_cNathaniel Alexander Owings.
264 1 _aBoston :
_bHoughton Mifflin,
_c1973.
300 _axiv, 303 sayfa:
_bresim ;
_c23 cm
504 _aIncludes index.
600 1 0 _aOwings, Nathaniel Alexander,
_d1903-1984
_989990
650 7 _aMimarlar
_zAmerika Birleşik Devletleri
_vBiyografi
_2etuturkob
_989992
650 0 _aArchitects
_zUnited States
_vBiography
_989991
942 _cBK